Slovensko hľadá talenty

Výnimočnosť talentov. Medzinárodná konferencia o podpore a rozvoji talentu v Bratislave. Komplexný a rýchly svet a zaostávanie inštitúcií. Otvorené zásadné globálne výzvy. Priekopníci talentu. Škola pre mimoriadne nadané deti v Bratislave. Odliv talentov do zahraničia.

Guardado en:
Detalles Bibliográficos
Autor principal: Garaj, Patrik
Formato: Capítulo de libro
Lenguaje:eslovaco
Materias:
Etiquetas: Agregar Etiqueta
Sin Etiquetas, Sea el primero en etiquetar este registro!

MARC

LEADER 00000naa a2200000 4500
001 0222414
005 20231113105622.8
041 0 |a slo 
044 |a SK 
245 1 0 |a Slovensko hľadá talenty  |c Patrik Garaj 
520 |a Výnimočnosť talentov. Medzinárodná konferencia o podpore a rozvoji talentu v Bratislave. Komplexný a rýchly svet a zaostávanie inštitúcií. Otvorené zásadné globálne výzvy. Priekopníci talentu. Škola pre mimoriadne nadané deti v Bratislave. Odliv talentov do zahraničia. 
610 2 0 |a talenty 
610 2 0 |a školy 
610 2 0 |a vzdelávanie 
610 2 0 |a spoločnosť 
610 2 0 |a konkurencia 
610 2 0 |a konferencie 
610 2 0 |a Slovensko 
100 1 |a Garaj, Patrik